000 00321nam a22001337a 4500
008 170526b xxu||||| |||| 00| 0 eng d
020 _a9780471445937
041 _aeng
080 _24TH
_a621
100 _a27
101 _aIM
245 _aTHEORY AND DESIGN FOR MECHANICAL MEASURMENTS
_cFIGLIOLA, R.S
942 _2udc
_cBK
999 _c14564
_d14564